Welcome to CU Library Online Public Access Catalogue (OPAC)

Pocket Medical Dictionary (Record no. 390)

MARC details
000 -LEADER
fixed length control field 00387nam a22001577a 4500
005 - DATE AND TIME OF LATEST TRANSACTION
control field 20241030170014.0
008 - FIXED-LENGTH DATA ELEMENTS--GENERAL INFORMATION
fixed length control field 241030b |||||||| |||| 00| 0 eng d
020 ## - INTERNATIONAL STANDARD BOOK NUMBER
International Standard Book Number 9788174731425
050 ## - LIBRARY OF CONGRESS CALL NUMBER
Classification number REF. R121
Item number GUP
100 ## - MAIN ENTRY--PERSONAL NAME
Personal name Gupta, L. C.
245 ## - TITLE STATEMENT
Title Pocket Medical Dictionary
250 ## - EDITION STATEMENT
Edition statement 4th
260 ## - PUBLICATION, DISTRIBUTION, ETC.
Place of publication, distribution, etc. Delhi
Name of publisher, distributor, etc. A.I.T.B.S P UBLISHERS
Date of publication, distribution, etc. c2009
300 ## - PHYSICAL DESCRIPTION
Extent 1143p
942 ## - ADDED ENTRY ELEMENTS (KOHA)
Source of classification or shelving scheme Library of Congress Classification
Koha item type Books
Suppress in OPAC No
999 ## -
-- 390
-- 390
Holdings
Withdrawn status Lost status Source of classification or shelving scheme Damaged status Not for loan Collection Home library Current library Shelving location Date acquired Total checkouts Full call number Barcode Date last seen Copy number Price effective from Koha item type
    Library of Congress Classification     Non-fiction Undergraduate Library (Christ Temple) Undergraduate Library (Christ Temple) General stacks 10/30/2024   REF R121 GUP ulct00000102 10/30/2024 1 10/30/2024 Books
© 2023-2024 Copyright: Central University Libraries. All Rights Reserved | Created by: Mahone Tech Office